Kinderfotos von Stars 1 - Statistiken

Allgemein
  • Dieses Quiz wurde 2.265 mal gespielt
  • Das Durchschnittsergebnis liegt bei 7 aus 12
Antwortstatistiken
Hint Antwort % Korrekt
Selena Gomez
87%
Miley Cyrus
70%
Scarlett Johansson
70%
Sandra Bullock
63%
Madonna
59%
Julia Roberts
58%
Anya Taylor-Joy
46%
Gal Gadot
44%
Katie Holmes
43%
Maisie Williams
41%
Sigourney Weaver
38%
Jodie Foster
35%
Keine übereinstimmenden Quizze gefunden
Verteilung der Resultate
Anzahl Personen mit jedem Resultat
Perzentil nach korrekt beantworteten Fragen
Ihre Resultats-Entwicklung
Sie haben dieses Quiz noch nicht gespielt